Statistics for Most Common First Names in the United States

Click here to take the quiz!

General Stats

  • This quiz has been taken 45 times
  • The average score is 7 of 10

Answer Stats

First LetterName% Correct
JJohn
94%
JJames
89%
WWilliam
81%
DDavid
72%
TThomas
72%
RRobert
69%
MMichael
67%
RRichard
64%
JJoseph
53%
CChristopher
50%

Score Distribution

Percentile by Number Answered

Percent of People with Each Score

Your Score History

You have not taken this quiz